000 00528nam a22001577a 4500
008 241213b ||||| |||| 00| 0 spa d
040 _aAR-FvUNAJ
_dAR-FvUNAJ
_eaacr2
082 1 4 _214
_a616.99
100 1 _921010
_aSirtori, Carlo
245 1 3 _aEl cáncer de útero :
_bmacroscopía, citología, ultraestructura, terapéutica. /
_cCarlo Sartori.
250 _a3a.ed.
260 _aBarcelona :
_bEditorial Cientifico Médica,
_c1963.
300 _axxviii, 566 p.
650 0 _2dcs
_921011
_aNEOPLASIAS UTERINAS
942 _2ddc
_cLIBRO
999 _c10606
_d10606
980 _62
_aVirginia Figueroa
_82
_gVirginia Figueroa